| 000 | 00506cab a2200193 4500 | ||
|---|---|---|---|
| 001 | x98640 | ||
| 008 | 090401t1999 xxu||||| |||| 00| 0 eng d | ||
| 035 | _a(Sirsi) u93369 | ||
| 041 | _aeng | ||
| 245 | _aTarget Holdings v Priestley | ||
| 260 | _c1999 | ||
| 350 | _a0 | ||
| 490 |
_aNew Property Cases _v[1999] NPC 51 |
||
| 690 | _aLAW OF PROPERTY (MSCELLANEOUNS PROVISIONS) ACT 1989 S2 | ||
| 690 | _aLAW OF PROPERTY ACT 1925 S40 | ||
| 690 | _aTARGET V PRIESTLY | ||
| 942 | _n0 | ||
| 948 | _c18/05/1999 | ||
| 999 |
_c59174 _d59174 |
||